000 00625nam a2200229 a 4500
001 BRL_772
005 20190320210905.0
008 041013s1964----mx-a######---#000-0#spa-#
041 _aeng
044 _amx
050 4 _aSF453
_b.T67 1964
100 1 _aTorres Vergara, Aureliano
_924895
245 1 0 _aLa explotación del conejo
_cAureliano Torres Vergara.
260 _aMéxico
_bSecretaría de Educación Pública
_c1964
300 _a178 p.
_bil.
_c16 cm.
440 0 _aTécnica y ciencia
_v37
_924896
500 _aAu858
650 1 4 _aCunicultura
_924769
650 1 4 _aConejos
_924897
902 _aGRL
942 _2lcc
_cB
999 _c9584
_d9584